Obnoviteľné zdroje energie - náklady a prínosy

Na minha lista:
Detalhes bibliográficos
Autor principal: Gajdoš, Jozef, 1962-2025
Formato: Capítulo de Livro
Idioma:eslovaco
Tags: Adicionar Tag
Sem tags, seja o primeiro a adicionar uma tag!

MARC

LEADER 00000nla a2200000 4500
001 0183936
005 20240502073142.6
041 0 |a slo 
044 |a SK 
245 1 0 |a Obnoviteľné zdroje energie - náklady a prínosy  |c Jozef Gajdoš 
500 |a Abstrakt 
100 1 |a Gajdoš, Jozef, 1962-2025